| 000 | 00767cam a2200229 a 4500 | ||
|---|---|---|---|
| 001 | 000019924 | ||
| 005 | 20240306073909.0 | ||
| 008 | 840911s1990 cu 000 0bspa d | ||
| 035 | _a(DLC) 65040976 | ||
| 035 | _a(OCoLC)11142850 | ||
| 040 |
_aDO-SdBNP _cCoU _dDLC _dBNPHU |
||
| 042 | _apremarc | ||
| 082 |
_a923.2 _bM378M |
||
| 100 | 1 |
_aMañach, Jorge, _d1898-1961. _929417 |
|
| 245 | 1 | 0 |
_aMartí : _bel apóstol / _cJorge Mañach ; revisión del prólogo Arinda Tur ; composición y proceso del prólogo Viviana Fernández. |
| 260 |
_aLa Habana : _bCiencias Sociales, _c1990. |
||
| 300 |
_a240 p. ; _c18 cm. |
||
| 600 | 1 | 0 |
_aMartí, José, _d1853-1895 _9645 |
| 651 | 4 |
_aCuba _xHistoria _y1878-1895. _916132 |
|
| 910 | _aCatalogación derivada / LC | ||
| 049 | _aBNGR | ||
| 999 |
_c19437 _d19437 |
||